000 00809nam a2200253Ia 4500
003 OSt
005 20220918171311.0
006 a|||||r|||| 00| 0
007 ta
008 220917b |||||||| |||| 00| 0 eng d
020 _a9781472528353 (hbk)
_c9674
024 _a289,672
037 _b1116, 08/03/2016, Bright Book Service
_cTextual
040 _aARTS
_cARTS
_beng
041 _2eng
_aeng
082 _aR6,5g, Q6
100 _aChakrabarti Arindam Ed.
_920710
245 0 _aBloomsbury research handbook of Indian aesthetics and the philosophy of art
260 _aLondon
_bBloomsbury UK
_c2016
300 _aviii, 417p.
_ccm.
650 _aPHILOSOPHY
942 _hR6,5g, Q6
_cTEXL
_2CC
999 _c138870
_d138870